| 000 | 00000nam##2200000za#4500 |
| 001 | 9.686296 |
| 003 | CaOODSP |
| 005 | 20210624230454 |
| 007 | cr ||||||||||| |
| 008 | 150407|2002||||xxc|||||o f|0| 0 eng|d |
| 020 | |a0-662-32084-0 |
| 040 | |aCaOODSP|beng |
| 043 | |an-cn--- |
| 086 | 1 |aSW21-93/2002E-IN |
| 110 | 1 |aCanada. |bStatus of Women Canada. |
| 245 | 10|aMental health promotion among newcomer female youth : |h[electronic resource]|bpost-migration experiences and self-esteem / |cby Nazilla Khanlou ... [et al.]. |
| 260 | |aOttawa - Ontario : |bStatus of Women Canada |c2002. |
| 300 | |a85p.|breferences, tables |
| 590 | |a06-10-Supp|b2006-12-15 |
| 690 | 07|aImmigrants|2gcpds |
| 690 | 07|aMental health|2gcpds |
| 690 | 07|aResearch|2gcpds |
| 690 | 07|aWomen|2gcpds |
| 720 | 1 |aKhanlou, Nazilla |
| 775 | 08|tPromotion de la santé mentale des jeunes immigrantes : |w(CaOODSP)9.630772 |
| 776 | 0#|tMental health promotion among newcomer female youth : |w(CaOODSP)9.663717 |
| 776 | 0#|tPromotion de la santé mentale des jeunes immigrantes : |w(CaOODSP)9.663718 |
| 856 | 40|ahttp://publications.gc.ca|qPDF|s432 KB|uhttps://publications.gc.ca/collections/Collection/SW21-93-2002E.pdf |